Harmonic Analysis: Real-Variable Methods, Orthogonality, and Oscillatory Integrals
Zapisane w:
| 1. autor: | |
|---|---|
| Kolejni autorzy: | |
| Format: | Nieznany |
| Język: | angielski |
| Wydane: |
Princeton, New Jersey, USA:
Princeton University Press,
1993
|
| Seria: | Monographs in Harmonic Analysis;
III |
| Hasła przedmiotowe: | |
| Etykiety: |
Dodaj etykietę
Nie ma etykietki, Dołącz pierwszą etykiete!
|
MARC
| LEADER | 00000 a2200000 4500 | ||
|---|---|---|---|
| 003 | CL-VaPUC | ||
| 005 | 20220421160132.0 | ||
| 008 | 220406b1993 ||||| |||| 00| 0 eng d | ||
| 999 | |c 435220 |d 435218 | ||
| 020 | |a 9780691032160 | ||
| 040 | |c Pontificia Universidad Católica de Valparaíso | ||
| 082 | 7 | |a 515.785 STE 1993 |2 22 | |
| 100 | |a Stein, Elías M |9 425508 |e author | ||
| 245 | 1 | |a Harmonic Analysis: |b Real-Variable Methods, Orthogonality, and Oscillatory Integrals | |
| 260 | |a Princeton, New Jersey, USA: |b Princeton University Press, |c 1993 | ||
| 300 | |a 695 páginas | ||
| 490 | |a Monographs in Harmonic Analysis; |v III | ||
| 583 | |k Cristina María Rojas Aguilar |c 20220406 | ||
| 650 | 0 | |a Análisis armónico |9 269929 | |
| 650 | 0 | |a Transformada de Fourier |9 425331 | |
| 650 | 0 | |a Ortogonalidad |9 425451 | |
| 700 | |a Murphy, Timothy S. |e assistance |9 868034 | ||
| 942 | |2 ddc |c BK | ||
| 952 | |0 0 |1 0 |2 ddc |4 0 |6 515_785000000000000_STE_1993 |7 0 |8 A |9 582467 |a BIBMAT |b BIBMAT |c GEN |d 2022-04-05 |e 1 |g 148511.00 |i 5650557 |l 4 |o 515.785 STE 1993 |p 5650557 |r 2025-01-07 |s 2022-08-23 |t 1 |v 148511.00 |w 2022-04-05 |y BK |k MAT | ||